The Ghost Of Black Wood Hall (Record no. 8886)

MARC details
000 -LEADER
fixed length control field 00961nam a22002177a 4500
003 - CONTROL NUMBER IDENTIFIER
control field OSt
005 - DATE AND TIME OF LATEST TRANSACTION
control field 20260310082748.0
008 - FIXED-LENGTH DATA ELEMENTS--GENERAL INFORMATION
fixed length control field 260310b |||||||| |||| 00| 0 eng d
020 ## - INTERNATIONAL STANDARD BOOK NUMBER
International Standard Book Number 978044809257910
040 ## - CATALOGING SOURCE
Original cataloging agency DWCL GS lib
Transcribing agency OC
082 ## - DEWEY DECIMAL CLASSIFICATION NUMBER
Classification number Fic. K26g 1995
100 ## - MAIN ENTRY--PERSONAL NAME
Personal name Keene Carolyn
245 ## - TITLE STATEMENT
Title The Ghost Of Black Wood Hall
Statement of responsibility, etc. Carolyn Keene
260 ## - PUBLICATION, DISTRIBUTION, ETC.
Place of publication, distribution, etc. New York
Name of publisher, distributor, etc. Carolyn Keene
Date of publication, distribution, etc. 1948
300 ## - PHYSICAL DESCRIPTION
Extent Extent- vii, 178 pages:
Other physical details illustrations ;
Dimensions 20cm
520 ## - SUMMARY, ETC.
Summary, etc. Nancy Drew investigates a series of, apparently, supernatural hauntings and jewelry thefts targeting vulnerable women, including Mrs. Putney.
650 ## - SUBJECT ADDED ENTRY--TOPICAL TERM
Topical term or geographic name entry element The Ghost of Blackwood Hall by Carolyn Keene, the "ghost" is actually a fraudulent, cruel hoax designed to swindle gullible people.
650 ## - SUBJECT ADDED ENTRY--TOPICAL TERM
Topical term or geographic name entry element the danger of gullibility and the importance of skepticism when faced with seemingly supernatural events or charismatic manipulation.
700 ## - ADDED ENTRY--PERSONAL NAME
Personal name Carolyn Keene
942 ## - ADDED ENTRY ELEMENTS (KOHA)
Source of classification or shelving scheme Dewey Decimal Classification
Koha item type Fiction
Suppress in OPAC No

No items available.